00362nam a22001337a 450000500170000000800410001704100120005808200120007010000120008224500350009426000460012930000290017565000240020420240805132057.0240805b |||||||| |||| 00| 0 eng d aEnglish a349 SOU lEnglish aThe South African Law Reports  aCape Town: bJuta and Company Ltd, c1939 bxi, 206 pages; c25 cm.  aLegal practicebLaw